Código Orgánico de Tribunales

Uloženo v:
Podrobná bibliografie
Médium: Kniha
Jazyk:španělština
Vydáno: Santiago Jurídica de Chile 1994
Témata:
Tagy: Přidat tag
Žádné tagy, Buďte první, kdo vytvoří štítek k tomuto záznamu!

MARC

LEADER 00000nam a2200000 a 4500
001 UCY0709
003 CL-VaPUC
008 940811e19940000CL |||||||||||||||||spa|d
082 0 4 |a 347.8301  |b COD  |2 21 
245 1 0 |a Código Orgánico de Tribunales 
300 |a 382 p 
942 |c BK 
945 |d 19940811 00:00:00  |a aalvarez 
260 |a Santiago  |b Jurídica de Chile  |c 1994 
500 |a Edición No oficial 
650 0 |a Poder judicial  |9 254871 
650 0 |a Tribunales  |9 254872 
651 7 |a CHILE  |2 CL-VaPUC  |9 328504 
583 |a last modification  |c 19940811 00:00:00  |k Rodrigo Vera 
999 |c 229642  |d 229640 
952 |0 0  |1 0  |2 ddc  |4 0  |6 347_830100000000000_COD_1994  |7 0  |8 FOND_LRYV  |9 231030  |a BIBDER  |b BIBDER  |d 2019-11-15  |i 3004600  |o 347.8301 COD 1994  |p 3004600  |r 2023-01-25  |w 2019-11-15  |y BK_X  |k DER